000 00475nam a2200181Ia 4500
005 20250317131038.0
008 008 250317s9999 xx 000 0 eng d
037 _aTextbook
040 _aFMSL
_beng
_cFMSL
041 _aeng
_2eng
084 _qFMSL
100 _aMote V L
245 0 _aManagerial Economics : Concepts and cases
260 _aTata
_bTata, McGraw-Hill
_c1977
300 _a360p
942 _cTB
999 _c1266435
_d1266435